Catálogo
 En Linea

¿Quiénes son los dueños de América Latina? / (Registro nro. 24306)

Detalles MARC
000 -CABECERA
campo de control de longitud fija 00538nam a2200169 a 4500
001 - NÚMERO DE CONTROL
campo de control 000024813
005 - FECHA Y HORA DE LA ÚLTIMA TRANSACCIÓN
campo de control 20200930023403.0
008 - DATOS DE LONGITUD FIJA--INFORMACIÓN GENERAL
campo de control de longitud fija 110204s1972 pn r 000 0 spa d
040 ## - FUENTE DE LA CATALOGACIÓN
Centro catalogador/agencia de origen DO-SdBNP
Lengua de catalogación spa
Centro/agencia transcriptor BNPHU
082 ## - NÚMERO DE LA CLASIFICACIÓN DECIMAL DEWEY
Número de clasificación xxxxx
Número de documento/Ítem S814q
049 ## - FONDOS LOCALES (OCLC)
Fondos de biblioteca BNGR
100 1# - ENTRADA PRINCIPAL--NOMBRE DE PERSONA
Nombre de persona Steele, Pablo
9 (RLIN) 50920
245 11 - MENCIÓN DE TÍTULO
Título ¿Quiénes son los dueños de América Latina? /
Mención de responsabilidad, etc. Pablo Steele.
260 ## - PUBLICACIÓN, DISTRIBUCIÓN, ETC.
Lugar de publicación, distribución, etc. San José, Costa Rica :
Nombre del editor, distribuidor, etc. Instituto Cooperativo Interamericano,
Fecha de publicación, distribución, etc. 1972.
300 ## - DESCRIPCIÓN FÍSICA
Extensión 204 p. ;
Dimensiones 18.5 cm.
500 ## - NOTA GENERAL
Nota general Incluye notas al pie de las páginas.
Existencias
Estado de retiro Estado de pérdida Restricciones de uso No para préstamo Código de colección Localización permanente Ubicación/localización actual Ubicación en estantería Fecha de adquisición Número de inventario Total de préstamos Signatura topográfica completa Código de barras Fecha visto por última vez Precio válido a partir de Tipo de ítem Koha Número de copia
        Monografías: Libros y Folletos General General En catalogación 04.02.2011 LF1   xxxxx S814q 24813-10 25.06.2020 25.06.2020 Préstamo en sala  
      Préstamo restrigido Monografías: Libros y Folletos General General En catalogación 07.02.2011 LF1   xxxxx S814q 24813-20 25.06.2020 25.06.2020 Préstamo en sala e. 2

Con tecnología Koha